000 00633nam a2200157Ia 4500
008 090124s9999 xx 000 0 und d
082 _b134493
245 _a माती आणि नाती (्अग्रलेखांचा संग्रह)
250 _a1
260 _bमंगनाळे महारुद्र
_c2000
300 _a184
630 _a माती आणि नाती (्अग्रलेखांचा संग्रह)
700 _aहबीब अमर
730 _a माती आणि नाती (्अग्रलेखांचा संग्रह)
942 _cBOOK
999 _c188521
_d188521